Conocimiento objetivo (Record no. 121343)

MARC details
000 -LEADER
campo de control de longitud fija 00653nam a2200205 4500
001 - NÚMERO DE CONTROL
campo de control 121343
003 - IDENTIFICADOR DE NÚMERO DE CONTROL
campo de control ES-MaACL
005 - FECHA Y HORA DE LA ÚLTIMA TRANSACCIÓN
campo de control 20250813050620.0
007 - CAMPO FIJO DE DESCRIPCIÓN FÍSICA--INFORMACIÓN GENERAL
campo de control de longitud fija t|
008 - DATOS DE LONGITUD FIJA--INFORMACIÓN GENERAL
campo de control de longitud fija 070214s1974 sp r ||||1| spa d
100 1# - ENTRADA PRINCIPAL--NOMBRE DE PERSONA
Nombre de persona Popper, Karl Raimund.
9 (RLIN) 93108
245 10 - MENCIÓN DEL TÍTULO
Título Conocimiento objetivo
Resto del título : un enfoque evolucionista /
Mención de responsabilidad, etc. Karl R. Popper ; traducción de Carlos Solís Santos.
260 ## - PUBLICACIÓN, DISTRIBUCIÓN, ETC.
Lugar de publicación, distribución, etc. Madrid :
Nombre del editor, distribuidor, etc. Tecnos,
Fecha de publicación, distribución, etc. 1974.
300 ## - DESCRIPCIÓN FÍSICA
Extensión 342 p. ;
Dimensiones 24 cm.
490 1# - MENCIÓN DE SERIE
Mención de serie Estructura y función
700 1# - ENTRADA AGREGADA--NOMBRE PERSONAL
Nombre de persona Solís Santos, Carlos,
Fechas asociadas al nombre 1945-
9 (RLIN) 107220
830 0# - PUNTO DE ACCESO ADICIONAL DE SERIE-TÍTULO UNIFORME
Título uniforme Estructura y función
9 (RLIN) 181428
852 ## - LOCALIZACIÓN
Ubicación ES-MaACL
Número de control de estantería E-9127
Sublocalización o colección R.93450
Holdings
Estatus retirado Estado de pérdida Estado de daño No para préstamo Biblioteca de origen Biblioteca actual Ubicación en estantería Fecha de adquisición Fuente de adquisición Total de préstamos Signatura topográfica completa Código de barras Visto por última vez Precio de reemplazo Tipo de ítem Koha
        Biblioteca del Ateneo de Madrid Biblioteca del Ateneo de Madrid Depósito 2 17/01/2008     E-9127 1126462 23/02/2023 23/02/2023 Libro impreso